Catálogo
 En Linea

Los moralistas / (Registro nro. 39624)

Detalles MARC
000 -CABECERA
campo de control de longitud fija 00543nam a2200169 a 4500
001 - NÚMERO DE CONTROL
campo de control 000040134
005 - FECHA Y HORA DE LA ÚLTIMA TRANSACCIÓN
campo de control 20201002033935.0
008 - DATOS DE LONGITUD FIJA--INFORMACIÓN GENERAL
campo de control de longitud fija 130808s1965 ag 000 0 spa d
040 ## - FUENTE DE LA CATALOGACIÓN
Centro catalogador/agencia de origen DO-SdBNP
Lengua de catalogación spa
Centro/agencia transcriptor BNPHU
100 1# - ENTRADA PRINCIPAL--NOMBRE DE PERSONA
Nombre de persona Shaftesbury
9 (RLIN) 66401
240 14 - TÍTULO UNIFORME
Título uniforme The moralits
Lenguaje de la obra Español
245 14 - MENCIÓN DE TÍTULO
Título Los moralistas /
Mención de responsabilidad, etc. Shaftesbury ; traduccíon Delia A. Sampietro.
260 ## - PUBLICACIÓN, DISTRIBUCIÓN, ETC.
Lugar de publicación, distribución, etc. Buenos Aires :
Nombre del editor, distribuidor, etc. Instituto de Filosofía,
Fecha de publicación, distribución, etc. 1965.
300 ## - DESCRIPCIÓN FÍSICA
Extensión 186 p. ;
Dimensiones 21 cm.
500 ## - NOTA GENERAL
Nota general Traducido del idioma inglés
700 1# - PUNTO DE ACCESO ADICIONAL--NOMBRE DE PERSONA
Nombre de persona Sampietro, Delia A.,
Término indicativo de función/relación trad.
9 (RLIN) 66402
Existencias
Estado de retiro Estado de pérdida Restricciones de uso No para préstamo Código de colección Localización permanente Ubicación/localización actual Ubicación en estantería Fecha de adquisición Número de inventario Total de préstamos Signatura topográfica completa Código de barras Fecha visto por última vez Precio válido a partir de Tipo de ítem Koha
    Préstamo interno   Monografías: Libros y Folletos General General Depósito 08.08.2013 LF1   40134-10 25.06.2020 25.06.2020 Préstamo interno

Con tecnología Koha